| 000 | 00593nam a2200193Ia 4500 | ||
|---|---|---|---|
| 005 | 20250508162135.0 | ||
| 008 | 008 250505s9999 xx 000 0 hin d | ||
| 037 | _aTextual | ||
| 040 |
_aFEDL _beng _cFEDL |
||
| 041 |
_ahin _2eng |
||
| 084 |
_a370.954, RAG _qFEDL |
||
| 100 |
_aRaghav Singh _9772410 |
||
| 245 | 0 | _aBharat tatha Uttarpradesh mein prajatantrik ucchtar madhyamik shiksha ki etihasik bhoomika | |
| 260 |
_aLucknow, India _bHindi Sahitya Bhandar _c1959 |
||
| 300 | _a212p. | ||
| 650 | _aEducation | ||
| 942 |
_cTEXL _h370.954, RAG |
||
| 999 |
_c1374618 _d1374618 |
||